| 000 | 01820nam1a22003371i 4500 | ||
|---|---|---|---|
| 001 | rc\2926553 | ||
| 005 | 20240723211403.0 | ||
| 035 | _a(NLR Aleph) 007076326 | ||
| 090 |
_a6431461 _c6431461 |
||
| 100 | _a20110816d1933 |||y0rusy50 ca | ||
| 101 | 1 |
_arus _cger |
|
| 102 | _aRU | ||
| 105 | _ay z ||||| | ||
| 200 | 1 |
_aОсновы акушерства _eТ. I-II _fВ. Штеккель _gСост.: Г. Бессау (Лейпциг), М. Вальтхард (Цюрих), О. Хене (Грейфсвальд), Л. Зейц (Франкфурт н/М.), Б. Оттов (Берлин), О. Фон Франке (Бонн), В. Штеккель (Берлин), Р. Фон Яшке (Гиссен) _gПер. с 3, доп. и испр. изд. под ред. В. С. Груздева, С. Б. Рафалькеса и И. И. Фейгеля |
|
| 210 |
_aМосква _aЛенинград _cМедгиз _d1933 _eМосква _g16 тип. треста "Полиграфкнига" |
||
| 300 | _aНа обороте тит. л.: "Lehrbuch der Geburtshilfe. Bearbeiten von prof. dr. G. Bessau (Leipzig), prof. dr. O. von Franqué (Bonn), prof. dr. O. Hoehne (Greifswald). Herausgegeben von prof. dr. W. Stoeckel, Direktor der Universitäts-frauenklinik in Berlin" | ||
| 700 | 1 |
_aШтекель _bВ. _gВальтер |
|
| 702 | 1 |
_aБессау _bГ. _gГеорг _4220 |
|
| 702 | 1 |
_aВальтхард _bМ. _4220 |
|
| 702 | 1 |
_aХене _bО. _4220 |
|
| 702 | 1 |
_aЗейц _bЛ. _4220 |
|
| 702 | 1 |
_aОттов _bБ. _4220 |
|
| 702 | 1 |
_aФон Франке _bО. _4220 |
|
| 702 | 1 |
_aФон Яшке _bР. _4220 |
|
| 702 | 1 |
_aГруздев _bВ.С. _4340 |
|
| 702 | 1 |
_aРафалькес _bС.Б. _4340 |
|
| 702 | 1 |
_aФейгель _bИ.И. _4340 |
|
| 801 | 0 |
_aRU _bNLR _gpsbo |
|
| 801 | 1 |
_aRU _bELAR _2rusmarc |
|
| 852 |
_aNLR _j33-18/724 |
||
| 942 | _cBOOK | ||